| 000 | 00452nam a2200181 a 4500 | ||
|---|---|---|---|
| 001 | 1769080478677 | ||
| 003 | YourLibrary | ||
| 005 | 20260123163857.0 | ||
| 008 | 260122s2008##################000#0#eng## | ||
| 020 | _a9780415458023 | ||
| 082 | 0 | 4 |
_a302.4072 _bBRU |
| 100 | 1 |
_aBruggeman, Jeroen, _eauthor. |
|
| 245 | 1 | 0 | _aSocial Networks : |
| 260 | _c2008. | ||
| 650 | 0 | _aSocial networks. | |
| 942 | _cENGLISH | ||
| 040 |
_aYourLibrary _beng _cYourLibrary |
||
| 999 |
_c609091 _d609091 |
||